Top 15 Länder mit Covid-19-Todesfällen - 15. Oktober - Statistiken

Allgemein
  • Dieses Quiz wurde 24 mal gespielt
  • Das Durchschnittsergebnis liegt bei 13 aus 20
Antwortstatistiken
Land % Korrekt
Vereinigte Staaten
96%
Italien
91%
Brasilien
87%
Frankreich
87%
Spanien
87%
Mexiko
83%
Russland
83%
Indien
78%
Vereinigtes Königreich
74%
Argentinien
70%
Peru
65%
Bolivien
52%
Chile
52%
Kolumbien
52%
Schweden
48%
Südafrika
43%
Iran
39%
Ecuador
35%
Belgien
30%
Panama
17%
Keine übereinstimmenden Quizze gefunden
Verteilung der Resultate
Anzahl Personen mit jedem Resultat
Perzentil nach korrekt beantworteten Fragen
Ihre Resultats-Entwicklung
Sie haben dieses Quiz noch nicht gespielt